|
|
|
|
| LEADER |
00000nam0a2200000 4500 |
| 001 |
280455 |
| 005 |
20231101235315.0 |
| 020 |
|
|
|a RU
|b 86-75236
|
| 035 |
|
|
|a (RuTPU)RU\TPU\book\303764
|
| 090 |
|
|
|a 280455
|
| 100 |
|
|
|a 20141229d1986 u a0rusy5003 ca
|
| 101 |
0 |
|
|a rus
|
| 102 |
|
|
|a RU
|
| 105 |
|
|
|a a z 001zy
|
| 200 |
1 |
|
|a Химическая эволюция Земли
|f Г. В. Войткевич, О. А. Бессонов
|
| 210 |
|
|
|a Москва
|c Недра
|d 1986
|
| 215 |
|
|
|a 215 с.
|c ил.
|
| 320 |
|
|
|a Библиогр.: с. 209-210 (50 назв.)
|
| 320 |
|
|
|a Предм. указ.: с. 211-213.
|
| 606 |
1 |
|
|a Земля
|x Развитие
|2 stltpush
|3 (RuTPU)RU\TPU\subj\11735
|9 38642
|
| 610 |
1 |
|
|a химическая эволюция
|
| 610 |
1 |
|
|a геохимия
|
| 610 |
1 |
|
|a состав
|
| 610 |
1 |
|
|a формирование
|
| 610 |
1 |
|
|a ранние этапы
|
| 610 |
1 |
|
|a Мировой океан
|
| 610 |
1 |
|
|a атмосфера
|
| 610 |
1 |
|
|a земная кора
|
| 675 |
|
|
|a 550.311
|z rus
|
| 700 |
|
1 |
|a Войткевич
|b Г. В.
|g Георгий Витольдович
|4 070
|
| 701 |
|
1 |
|a Бессонов
|b О. А.
|4 070
|
| 801 |
|
0 |
|a RU
|b RuMRKP
|c 19950704
|g psbo
|
| 801 |
|
1 |
|a RU
|b 63413507
|c 20141229
|
| 801 |
|
2 |
|a RU
|b 63413507
|c 20151221
|g RCR
|
| 942 |
|
|
|c BK
|